000 02014cam a22003255a 4500
999 _c18832
_d18804
001 16294179
003 EG-ScBUE
005 20210322103510.0
008 100621s2010 xxk f b 001 0deng d
020 _a0521872987
020 _a9780521872980
040 _aDLC
_beng
_erda
_cDLC
_dEG-ScBUE
082 0 4 _a818.5409
_bMAC
_222
100 1 _aMacpherson, Heidi Slettedahl,
_eauthor.
_937061
245 1 4 _aThe Cambridge introduction to Margaret Atwood /
_cHeidi Slettedahl Macpherson.
264 1 _aCambridge :
_bCambridge University Press,
_c2010.
300 _axi, 143 pages ;
_c24 cm.
336 _2rdacontent
_atext
_btxt
337 _2rdamedia
_aunmediated
_bn
338 _2rdacarrier
_avolume
_bnc
490 0 _aCambridge introductions to literature
504 _aIncludes bibliographical references and index.
520 _a"Margaret Atwood offers an immensely influential voice in contemporary literature. Her novels have been translated into over 22 languages and are widely studied, taught and enjoyed. Her style is defined by her comic wit and willingness to experiment. Her work has ranged across several genres, from poetry to literary and cultural criticism, novels, short stories and art. This Introduction summarizes Atwood's canon, from her earliest poetry and her first novel, The Edible Woman, through The Handmaid's Tale to The Year of the Flood. Covering the full range of her work, it guides students through multiple readings of her oeuvre. It features chapters on her life and career, her literary, Canadian and feminist contexts, and how her work has been received and debated over the course of her career. With a guide to further reading and a clear, well organised structure, this book presents an engaging overview for students and readers"-Provided by publisher.
590 _adoaa mohamed
600 1 7 _aAtwood, Margaret,
_d1939-
_xCriticism and interpretation.
_2BUEsh
_937062
650 _2BUEsh
651 _2BUEsh
653 _cJanuary2015
942 _2ddc
_k818.5409 MAC
_cBB